00941nam a2200217Ia 4500952010900000999001700109008004100126020001500167050002200182100004300204245016700247260003800414300003700452490003500489500003900524519004500563650003800608650003700646700003300683942000700716 00104070a04b04d2007-07-17l2oHG4011 M66 2002p04 001132r2015-08-17s2015-08-17t1w2012-06-24yLB c62013d62013120625s2002 mx r 001 0 spa d a9702402301 4aHG4011 bM66 20021 aMoreno Fernandez, Joaquín A. eautor13aLa administración financiera b : de los activos y pasivos a largo plazo, el capital y los resultados c / Joaquín A. Moreno Fernández, Sergio Rivas Merino  aMéxicob : Continental c, 2002 axxiv, 417 páginas c ; 25 cm. 0 aAdministración Financierav2 aEn portada: "Texto del Siglo XXI"  aMaterial Complementario / d(04 001132) 14aSOCIEDADES ANÓNIMAS xFINANZAS 24aEMPRESAS COMERCIALES xFINANZAS 1 aRivas Merino, Sergio eautor cLB